Statistics for American football teams word scramble

Click here to take the quiz!

General Stats

  • This quiz has been taken 518 times
  • The average score is 9 of 15

Answer Stats

Scrambled TeamReal Team Name% Correct
TSEJNew York Jets
99%
SLILBBuffalo Bills
84%
WKSAHAESSeattle Seahawks
77%
RABSEChicago Bears
76%
OPISDLHNMiami Dolphins
74%
OOREGNOregon
73%
GEEALSPhiladelphia Eagles
67%
NAVRSEBaltimore Ravens
66%
BALMAAAAlabama
65%
LOFCANSAtlanta Falcons
61%
CHGANIMIMichigan
58%
RTEON MDEANotre Dame
42%
GHCERSARSan Diego Chargers
38%
RAOSPTTINew England Patriots
35%
OSELCMNClemson
23%

Score Distribution

Percentile by Number Answered

Percent of People with Each Score

Your Score History

You have not taken this quiz